000 00559nam a2200121Ia 4500
008 220620s9999||||xx |||||||||||||| ||und||
100 _aHailong Li (Ed.)||Xuan Zhou (Ed.)||Rui Xiong (Ed.)
245 0 _aAdvanced Energy Storage Technologies and Their Applications (AESA)
546 _aEnglish[eng]
650 _aPhase change material||Ultracapacitor||Compressed air||Battery||Electric vehicles||Thermal energy storage||Management System Heat transfer enhancement||Fuel cell||Energy storage
856 _uhttp://www.mdpi.com/books/pdfview/book/546
942 _cEB
999 _c25451
_d25451